00595nam a2200205Ia 4500003000400000005001700004008004100021020001800062040001800080041000800098082002100106100001800127245006500145250001200210260005000222300001800272650002600290650003300316650004000349OSt20220207152543.0210716s2007 xx 000 0 und d a9780195690095 cAIMIT LIBRARY aeng a657.48 21bSHAP aShah, Paresh. aBasic financial accounting for management /cby Paresh Shah. a1st ed. aNew Delhi :bOxford University Press ,c2007. axv,594p.;c24 aFinancial Accounting. aForeign Exchange Accounting. aAccounting from incomplete Records.